000 00455nam a2200181Ia 4500
003 GCL
008 140319s9999 xx 000 0 eng d
040 _aGCL /
_cGCL
082 0 4 _a809.967
_bV C
100 1 _aVINSON, JAMES
245 1 0 _aCOMMON WEALTH LITERATURE /
_cVINSON, JAMES
700 1 _aWALSH, WILLIAM
260 _a[S.N] :
_bMC GRAW - HILL ،
_c1979
300 _a281 P
650 0 4 _aLITERATURE
650 0 4 _aCOMMON WEALTH
942 _2ddc
_cBK
999 _c24578
_d24578